Identidades y ciudades: Patrimonios imaginarios / Víctor Alba de la Vega, Alexander Jiménez Matarrita, Editores
Gardado en:
| Formato: | Libro |
|---|---|
| Idioma: | Undetermined |
| Publicado: |
Heredia, Costa Rica
EFUNA
1999
|
| Materias: | |
| Etiquetas: |
Engadir etiqueta
Sen Etiquetas, Sexa o primeiro en etiquetar este rexistro!
|
MARC
| LEADER | 00000nam a2200000Ia 4500 | ||
|---|---|---|---|
| 008 | 170316s9999 xx 000 0 und d | ||
| 090 | |a 100 I-6i | ||
| 245 | |a Identidades y ciudades: Patrimonios imaginarios / Víctor Alba de la Vega, Alexander Jiménez Matarrita, Editores | ||
| 260 | |a Heredia, Costa Rica | ||
| 260 | |b EFUNA | ||
| 260 | |c 1999 | ||
| 300 | |a 156 páginas | ||
| 650 | |a FILOSOFÍA | ||
| 650 | |a LOS EXTRAÑOS | ||
| 650 | |a TERRITORIOS | ||
| 650 | |a FRONTERAS | ||
| 650 | |a PATRIA - DIVERSIDAD CULTURAL EN COSTA RICA | ||
| 650 | |a COSTA RICA IMAGINARIA | ||
| 650 | |a IDIOSINCRASIA | ||
| 650 | |a NUESTRAS CIUDADES | ||
| 650 | |a SAN JOSÉ | ||
| 650 | |a CIUDADES IMPOSIBLES | ||
| 999 | |c 16577 |d 16577 | ||
| 040 | |a cru BVZT | ||
| 942 | |c 15 D |h 100 I-6i |2 z | ||
